00800nac a22001931u 4500010001700000020002200017082001900039090001300058100003400071245016800105260003800273300004200311650002300353700002900376700002700405942002000432999001300452952014100465 a 2002018324 a020172149X (pbk.)00a005.7/2bV2171 c394d394 aVan Duyne, Douglas K., 14aThe design of sites :bpatterns, principles, and processes for crafting a customer-centered Web experience /cDouglas K. Van Duyne, James A. Landay, Jason I. Hong. aBoston :bAddison-Wesley,cc2003. axxxvii, 762 p. :bcol. ill. ;c24 cm. 0aWeb sitesxDesign.1 aLanday, James A.,d1967-1 aHong, Jason I.,d1975- cBBk005.72V2171 c394d394 00102ddc40708 aMAINbMAINcLOWd2006-04-09epurchaseg330.00l6o005.72 VANp000004239r2025-07-15 00:00:00s2014-11-19v412.50yBB